Intimate partner violence reported by two samples of deaf adults via a computerized American Sign Language survey

Guardado en:  
Detalles Bibliográficos
Autores principales: Pollard, Robert Q. (Autor) ; Cerulli, Catherine (Autor) ; Sutter, Erika 1917- (Autor)
Tipo de documento: Electrónico Artículo
Lenguaje:Inglés
Publicado: 2014
En: Journal of interpersonal violence
Año: 2014, Volumen: 29, Número: 5, Páginas: 948-965
Acceso en línea: Volltext (kostenfrei)
Verificar disponibilidad: HBZ Gateway

MARC

LEADER 00000caa a22000002c 4500
001 1912597071
003 DE-627
005 20250116055020.0
007 cr uuu---uuuuu
008 241217s2014 xx |||||o 00| ||eng c
024 7 |a 10.1177/0886260513505703  |2 doi 
035 |a (DE-627)1912597071 
035 |a (DE-599)KXP1912597071 
040 |a DE-627  |b ger  |c DE-627  |e rda 
041 |a eng 
084 |a 2,1  |2 ssgn 
100 1 |a Pollard, Robert Q.  |e VerfasserIn  |4 aut 
245 1 0 |a Intimate partner violence reported by two samples of deaf adults via a computerized American Sign Language survey 
264 1 |c 2014 
336 |a Text  |b txt  |2 rdacontent 
337 |a Computermedien  |b c  |2 rdamedia 
338 |a Online-Ressource  |b cr  |2 rdacarrier 
700 1 |a Cerulli, Catherine  |e VerfasserIn  |4 aut 
700 1 |a Sutter, Erika  |d 1917-  |e VerfasserIn  |0 (DE-588)1036511030  |0 (DE-627)751082562  |0 (DE-576)188077170  |4 aut 
773 0 8 |i Enthalten in  |t Journal of interpersonal violence  |d London [u.a.] : Sage, 1986  |g 29(2014), 5, Seite 948-965  |h Online-Ressource  |w (DE-627)324614721  |w (DE-600)2028900-5  |w (DE-576)276556305  |x 1552-6518  |7 nnas 
773 1 8 |g volume:29  |g year:2014  |g number:5  |g pages:948-965 
787 0 8 |i Forschungsdaten  |a Tjaden, Patricia  |t Violence and Threats of Violence Against Women and Men in the United States, 1994-1996  |d [Erscheinungsort nicht ermittelbar] : [Verlag nicht ermittelbar], 1999  |w (DE-627)1840060492 
856 |u https://www.ncbi.nlm.nih.gov/pmc/articles/4161008  |x unpaywall  |z Vermutlich kostenfreier Zugang  |h repository [deprecated] 
856 4 0 |u https://doi.org/10.1177/0886260513505703  |x Resolving-System  |z kostenfrei  |3 Volltext  |7 0 
935 |a mkri 
951 |a AR 
ELC |a 1 
LOK |0 000 xxxxxcx a22 zn 4500 
LOK |0 001 4637562597 
LOK |0 003 DE-627 
LOK |0 004 1912597071 
LOK |0 005 20241217044622 
LOK |0 008 241217||||||||||||||||ger||||||| 
LOK |0 035   |a (DE-2619)ICPSR115541 
LOK |0 040   |a DE-2619  |c DE-627  |d DE-2619 
LOK |0 092   |o n 
LOK |0 852   |a DE-2619 
LOK |0 852 1  |9 00 
LOK |0 935   |a nacp 
LOK |0 939   |a 17-12-24  |b l01 
OAS |a 1 
ORI |a SA-MARC-krimdoka001.raw